Responses for Show #7247 - Tuesday, March 1, 2016

Contestants

[<< previous game]

Rachel Zoch, a writer and editor from Deer Park, Texas

Titi Ala'ilima, a data engineer from Philadelphia, Pennsylvania

David Bradley, an author from Atlanta, Georgia (whose 2-day cash winnings total $55,000)

[next game >>]

Jeopardy! Round responses

CALIFORNIA PRO SPORTS TEAMS
NARROW BODIES OF WATER
CHILDREN'S LITERATURE
IT'S THE BERRIES
COLLEGES & UNIVERSITIES
THIS IS... J TO Y!
(Alex: Each correct response will start with the letter "J" and end with a "Y".)
    $200 3
Paddington

Titi
    $200 6
(Alex: Yeah, chocolate and vanilla are going first.)

strawberry

Rachel
    $200 13
jelly

Titi
    $400 26
the Anaheim Mighty Ducks

Titi
    $400 1
(David: What's the Mediterranean? I mean, what's the, uh, [*]?)
(Alex: Oh, you changed in the nick of time. Good for you.)

the Strait of Gibraltar

David
    $400 23
Harold

Rachel
    $400 5
a raspberry

Rachel
    $400 27
[The end-of-round signal sounds.]

Johns Hopkins

David
    $400 9
a jetty

David
    $600 25
the L.A. Galaxy

Rachel
    $600 2
Puget Sound

Rachel
    $600 14
(Rachel: What's a cookie?)
(Titi: What's a chocolate chip cookie?)
...
(Alex: Ah, you're both on the right track, but we were going for the title of the book, which is [*].)

If You Give a Mouse a Cookie

TitiRachel
Triple Stumper
    $600 4
the mulberry bush

David
    $600 8
(Titi: What is the University of Oregon?)

Gonzaga

Titi
Triple Stumper
    $600 10
to justify

David
    $800 17
(Alex: In basketball, [*].)

the Golden State Warriors

Triple Stumper
    $1,000 18
the Finger Lakes

Titi
    $800 22
(Alex: Good, with less than a minute to go now.)

Oscar Wilde

David
    $800 7
the blueberry

Titi
    $800 24
Carnegie Mellon

Titi
    $800 11
a jersey

Rachel
    $1000 19
(Titi: Who are the 49ers?)
(David: Who are the Rams?)

the Oakland Raiders

DavidTiti
Triple Stumper
    $1000 16
Estonia

Triple Stumper
    $1000 21
The Borrowers

David
    $1000 20
gooseberries

Rachel
    $1000 15
Barnard

Triple Stumper
    $1000 12
the judiciary

David

Scores at the first commercial break (after clue 15):

David Titi Rachel
$3,000 $0 $1,400

Scores at the end of the Jeopardy! Round:

David Titi Rachel
$4,200 $1,200 $3,400

Double Jeopardy! Round responses

FOUNDERS
BACKING BANDS
ENGINEERING FEATS
YOUR IDIOMS CONFUSE ME
EUROPEAN HISTORY
ANIMALS IN DANGER
    $400 26
Walton

David
    $400 7
the Heartbreakers

Rachel
    $400 30
Windsor

Titi
    $400 25
(Alex: Yes, with less than a minute now.)

black

Titi
    $400 29
Oliver Cromwell

Rachel
    $400 8
the panda

Rachel
    $800 28
Guinness

Titi
    $800 6
the Pips

Rachel
    $800 19
Venice

David
    $800 12
a cow

Titi
    $800 27
Mussolini

David
    $800 9
the camel

Titi
    $1200 24
(Titi: What's the Globe?)

the Old Vic

TitiRachel
    $1200 3
the News

David
    $1200 18
the Underground

Rachel
    $1200 11
break a leg

Rachel
    $1200 21
Otto von Bismarck

David
    $1200 23
a wombat

Triple Stumper
    $1600 15
Holiday Inn

Rachel
    $1600 4
the Beaters

Triple Stumper
    $1600 2
the Great Wall of China

Rachel
    $1600 20
chopped liver

Titi
    $1600 10
the Arc de Triomphe

David
    $1600 22
a Bengal

Titi
    $1,500 16
(Rachel: What is the Writers Guild?)

the ACLU (the American Civil Liberties Union)

Rachel
    $2000 5
the Nocturnals

Rachel
    $2,000 1
Prince Edward Island

Titi
    $2000 17
hung up

Titi
    $2000 14
the Habsburgs

Titi
    $2000 13
(Rachel: What is the capuchin monkey?)
(David: What is the macaque?)

a marmoset

DavidRachel
Triple Stumper

Scores at the end of the Double Jeopardy! Round:

David Titi Rachel
$8,200 $12,400 $10,700

[wagering suggestions for these scores]

Final Jeopardy! Round responses

20th CENTURY POETS
(Alex: [Finishing reading the clue] ...for "upper class".)
...
(Alex: [Revealing correct response] Born in St. Louis, became a British subject.)
DavidWho is Carl Sandburg
$8,200
RachelWho is Carl Sandburg?
$6,000
TitiWho is ?
$9,001
T.S. Eliot

Final scores:

David Titi Rachel
$0 $3,399 $4,700
3rd place: $1,000 2nd place: $2,000 New champion: $4,700

Game dynamics:

Coryat scores:

David Titi Rachel
$8,200 $12,200 $12,200
14 R,
2 W
16 R
(including 2 DDs),
4 W
17 R,
3 W
(including 1 DD)

Combined Coryat: $32,600

[game clues] [game scores] [suggest correction]

Game tape date: 2016-01-14
The J! Archive is created by fans, for fans. Scraping, republication, monetization, and malicious use prohibited; this site may use cookies and collect identifying information. See terms. The Jeopardy! game show and all elements thereof, including but not limited to copyright and trademark thereto, are the property of Jeopardy Productions, Inc. and are protected under law. This website is not affiliated with, sponsored by, or operated by Jeopardy Productions, Inc. Join the discussion at JBoard.tv.